000 01918cam a22004814i 4500
003 PE-LiUPU
005 20250731173107.0
008 171023s2004 ag a r 000 0 spa d
035 _a(Sirsi) a250926
040 _aPE-LiUPU
_bspa
_cPE-LiUPU
_erda
049 _aPRUA
082 0 4 _a248.6
_bB91
_220
100 1 _aBullon, Alejandro,
_eautor.
245 1 0 _aCreciendo en gracia :
_btestimonios de personas que aprendieron a confiar en Dios /
_cpor Alejandro Bullon.
264 1 _aLima :
_bUniversidad Peruana Unión,
_c2013.
300 _a143 páginas ;
_c16 centímetros
336 _atext
_2rdacontent
337 _aunmediated
_2rdamedia
338 _avolume
_2rdacarrier
505 0 _aEl crecimiento -- El aprendizaje -- La restitución -- La sociedad -- La promesa -- El tiempo-- La sabiduría -- El malentendido -- La buena intensión -- La confusión -- La destreza -- Creciendo en gracia.
526 _aSEG42
526 _aSEG41
526 _aSEG40
526 _aSEG39
526 _aP94
526 _aP87
526 _aP86
526 _aP85
526 _aP77
526 _aP76
526 _aP35
650 0 4 _aGracia.
650 0 4 _aMayordamía
_xCristiana.
910 _abgr
_bjpc
_cjpc
_d20190923
942 _2ddc
_cBOOK
994 _aC0
_bPEPRU
596 _a1 4
999 _a248.6 B91 2013
_wDEWEY
_c30393
_iCW00942
_f2021-12-22
_g2
_lCCODECWL1
_mBWL
_p20.00
_r0
_sY
_tBOOK
_u2018-12-5
_xWHITE
_zUNKNOWN
_0COMPRA
_o.STAFF. Centro White
_d30393
999 _a248.6 B91 2013
_wDEWEY
_c2
_iCW00943
_f2021-12-22
_g2
_lCCODECWL1
_mBWL
_p20.00
_r0
_sY
_tBOOK
_u2018-12-5
_xWHITE
_zUNKNOWN
_0COMPRA
_o.STAFF. Centro White
999 _a248.6 B91 2013
_wDEWEY
_c1
_i80695
_f2021-11-10
_g2
_lCCODEBUL1
_mBUL
_p14.00
_r0
_sY
_tBOOK
_u2019-9-23
_xTEOLOGIA
_PP35
_o.STAFF. Colección Teología
980 _81
_gALBERTO SANCHEZ Responsable de Automatización